Siete maestros de arquitectura / (Registro nro. 63161)

Detalles MARC
000 -LEADER
campo de control de longitud fija 0235022 4a22004454504500
003 - IDENTIFICADOR DE NÚMERO DE CONTROL
campo de control PE-LiUPU
005 - FECHA Y HORA DE LA ÚLTIMA TRANSACCIÓN
campo de control 20251125163738.0
008 - DATOS DE LONGITUD FIJA--INFORMACIÓN GENERAL
campo de control de longitud fija 250226s2024 sp a o 000 0 spa d
020 ## - NÚMERO INTERNACIONAL ESTÁNDAR DEL LIBRO
Número Internacional Estándar del Libro 9788410065758
035 ## - NÚMERO DE CONTROL DEL SISTEMA
Número de control de sistema PE-LiUPU000004
040 ## - FUENTE DE CATALOGACIÓN
Centro catalogador/agencia de origen PE-LiUPU
Lengua de catalogación spa
Centro/agencia transcriptor PE-LiUPU
Normas de descripción rda
041 0# - CÓDIGO DE IDIOMA
Código de lengua del texto/banda sonora o título independiente spa
082 04 - NÚMERO DE LA CLASIFICACIÓN DECIMAL DEWEY
Número de clasificación 720.1
Cutter C198s
Número de edición 23
100 1# - ENTRADA PRINCIPAL--NOMBRE DE PERSONA
Nombre de persona Campo Baeza, Alberto,
Fechas asociadas al nombre 1946-
Término indicativo de función/relación dir.
245 10 - MENCIÓN DEL TÍTULO
Título Siete maestros de arquitectura /
Mención de responsabilidad, etc. Alberto Campo Baeza, director.
264 #1 - PRODUCCIÓN, PUBLICACIÓN, DISTRIBUCIÓN, FABRICACIÓN Y COPYRIGHT
Producción, publicación, distribución, fabricación y copyright Madrid :
Nombre del de productor, editor, distribuidor, fabricante Ediciones Asimétricas,
Fecha de producción, publicación, distribución, fabricación o copyright 2024.
300 ## - DESCRIPCIÓN FÍSICA
Extensión 160 páginas :
Otras características físicas ilustraciones ;
Dimensiones 23 cm
336 ## - TIPO DE CONTENIDO
Término de tipo de contenido texto
Fuente rdacontent
337 ## - TIPO DE MEDIO
Nombre/término del tipo de medio unmediated
Fuente rdamedia
338 ## - TIPO DE SOPORTE
Nombre/término del tipo de soporte volumen
Fuente rdacarrier
500 ## - NOTA GENERAL
Nota general Incluye siete lecciones impartidas en 2024 por catedráticos y catedráticas eméritos de la ETSAM-UPM.
500 ## - NOTA GENERAL
Nota general Forma parte de la “Colección Voces”, Serie Arquitectura.
505 0# - NOTA DE CONTENIDO CON FORMATO
Nota de contenido con formato Introducción / Alberto Campo Baeza -- La luz del sol, la luz interna / Juan Navarro Baldeweg -- Proyectar un espacio sacro / José Ignacio Linazasoro -- Las formas ilusorias / Antón Capitel -- Una mirada al Monasterio de El Escorial / Carlos Sambricio -- Artilugio estupefacto / Gabriel Ruiz Cabrero -- Arquitecturas con árboles / Margarita de Luxán -- La casa de la diva / Ignacio Vicens y Hualde.
520 ## - RESUMEN, ETC.
Sumario, etc. Reúne siete lecciones de arquitectura impartidas en 2024 por profesores eméritos de la ETSAM-UPM, abordando temas esenciales de la disciplina desde la luz, el espacio sacro, la forma, el patrimonio, la técnica, la naturaleza y la vivienda. El libro destaca el alto nivel reflexivo y docente de sus autores.
546 ## - NOTA DE IDIOMA
Nota de lengua/lenguaje Texto en español.
650 14 - PUNTO DE ACCESO ADICIONAL DE MATERIA--TÉRMINO DE MATERIA
Término de materia o nombre geográfico como elemento de entrada Arquitectura
Subdivisión general Filosofía
9 (RLIN) 7641
650 14 - PUNTO DE ACCESO ADICIONAL DE MATERIA--TÉRMINO DE MATERIA
Término de materia o nombre geográfico como elemento de entrada Diseño arquitectónico
9 (RLIN) 4380
650 17 - PUNTO DE ACCESO ADICIONAL DE MATERIA--TÉRMINO DE MATERIA
Término de materia o nombre geográfico como elemento de entrada Arquitectura
Subdivisión general Estudio y enseñanza.
Subdivisión geográfica España.
9 (RLIN) 4553
Fuente del encabezamiento o término embne
650 18 - PUNTO DE ACCESO ADICIONAL DE MATERIA--TÉRMINO DE MATERIA
Término de materia o nombre geográfico como elemento de entrada Arquitectos
Subdivisión de forma Biografías.
700 1# - ENTRADA AGREGADA--NOMBRE PERSONAL
Nombre de persona Navarro Baldeweg, Juan,
Término indicativo de función/relación autor.
700 1# - ENTRADA AGREGADA--NOMBRE PERSONAL
Nombre de persona Linazasoro, José Ignacio,
Término indicativo de función/relación autor.
700 1# - ENTRADA AGREGADA--NOMBRE PERSONAL
Nombre de persona Capitel, Antón,
Término indicativo de función/relación autor.
700 1# - ENTRADA AGREGADA--NOMBRE PERSONAL
Nombre de persona Sambricio, Carlos,
Término indicativo de función/relación autor.
700 1# - ENTRADA AGREGADA--NOMBRE PERSONAL
Nombre de persona Ruiz Cabrero, Gabriel,
Término indicativo de función/relación autor.
700 1# - ENTRADA AGREGADA--NOMBRE PERSONAL
Nombre de persona Luxán, Margarita de,
Término indicativo de función/relación autora.
700 1# - ENTRADA AGREGADA--NOMBRE PERSONAL
Nombre de persona Vicens, Ignacio,
Término indicativo de función/relación autor.
710 2# - ENTRADA AGREGADA--NOMBRE DE ENTIDAD CORPORATIVA
Nombre de entidad corporativa o nombre de jurisdicción como elemento de entrada Ediciones Asimétricas,
Término indicativo de función/relación editor.
942 ## - ELEMENTOS DE ENTRADA SECUNDARIOS (KOHA)
Fuente del sistema de clasificación o colocación Clasificación Decimal Dewey
Tipo de ítem Koha Libros físicos
980 ## - EQUIVALENCIA O REFERENCIA-CRUZADA-MENCIÓN DE SERIE--NOMBRE DE PERSONA/TÍTULO [LOCAL, CANADÁ]
ID del usuario creador del registro 18228
Nombre del creador del registro Rebeca Esther Huerta Leyton
ID del último usuario que modificó el registro 18226
Nombre del último usuario que modificó el registro Jaime Vilcazán Jefe de Análisis Documental
Existencias
Visto por última vez Total de préstamos Signatura topográfica completa Código de barras Copia número Coste, precio de reemplazo Fecha de reemplazo Facultad Tipo de ítem Koha Estado de pérdida Fuente del sistema de clasificación o colocación Restricciones de uso No para préstamo Colección Programa académico Biblioteca de origen Biblioteca actual Ubicación en estantería Fecha de adquisición Fuente de adquisición Coste, precio normal de compra
2025-12-03   720.1 C198s 82894 e1 51.74 2025-11-24 FIA Libros físicos No Perdido Clasificación Decimal Dewey No restringido Disponible para préstamos Colección General Arquitectura Biblioteca CRAI UPeU Lima Biblioteca CRAI UPeU Lima Sala principal 2025-11-21 COMPRA, LICTUN S.A.C 46.74